[Event "DEN-chT 2324 61st"]
[Site "Denmark"]
[Date "2024.04.07"]
[Round "9.8"]
[White "Madsen, Michael Bohring"]
[Black "Thuesen, Mogens Henrik"]
[Result "1-0"]
[WhiteElo "2065"]
[BlackElo "2095"]
[PlyCount "61"]
[EventDate "2023.10.28"]
[EventType "team-tourn"]
[EventRounds "9"]
[EventCountry "DEN"]
[SourceTitle "EXT 2025"]
[Source "ChessBase"]
[SourceDate "2024.10.14"]
[SourceVersion "1"]
[SourceVersionDate "2024.10.14"]
[SourceQuality "1"]
[WhiteTeam "Fredericia"]
[BlackTeam "Bronshoj"]
[WhiteTeamCountry "DEN"]
[BlackTeamCountry "DEN"]

1. d4 Nf6 2. c4 e6 3. Nc3 d5 4. cxd5 exd5 5. Bg5 Be7 6. e3 c6 7. Bd3 0-0 8. Nge2 Nbd7 9. Qc2 Re8 10. 0-0 h6 11. Bh4 Nf8 12. f3 Ne6 13. Rad1 b5 14. Bf2 b4 15. Na4 Qa5 16. e4 dxe4 17. fxe4 Bd7 18. Kh1 Rac8 19. Bg1 c5 20. Nxc5 Nxc5 21. dxc5 Bxc5 22. Bxc5 Rxc5 23. Qd2 Bg4 24. a3 bxa3 25. b4 Nxe4 26. Bxe4 Qa6 27. Bd3 Rc4 28. Rf4 Bxe2 29. Bxe2 a2 30. Bxc4 a1Q 31. Bxa6 1-0

[Event "Helsingor Xtracon op"]
[Site "Helsingor"]
[Date "2019.07.23"]
[Round "5"]
[White "Markussen, Bernt Olav"]
[Black "Madsen, Michael Bohring"]
[Result "1/2-1/2"]
[WhiteElo "1761"]
[BlackElo "2133"]
[PlyCount "92"]
[EventDate "2019.07.20"]
[EventType "swiss"]
[EventRounds "10"]
[EventCountry "DEN"]
[SourceTitle "CBM 191 Extra"]
[Source "ChessBase"]
[SourceDate "2019.09.30"]
[SourceVersion "1"]
[SourceVersionDate "2019.09.30"]
[SourceQuality "1"]

1. d4 d5 2. Bf4 Nf6 3. e3 c5 4. c3 Qb6 5. Qb3 c4 6. Qc2 Nc6 7. Nd2 g6 8. b3 Bf5 9. Qd1 cxb3 10. axb3 Bg7 11. Ngf3 Nh5 12. Be2 Nxf4 13. exf4 Rc8 14. Rc1 Qc7 15. Bb5 Qxf4 16. 0-0 0-0 17. Re1 Qc7 18. Bxc6 bxc6 19. b4 Rfe8 20. Nb3 f6 21. Ra1 e5 22. Nc5 e4 23. Nd2 Bf8 24. Ra6 Bd6 25. Nf1 Bxc5 26. bxc5 Re7 27. Qa4 Qb7 28. Ra1 Rcc7 29. Ra3 Bc8 30. Ra5 Qb1 31. Ra1 Qd3 32. Qa3 f5 33. Qc1 Kg7 34. R1a2 Rb7 35. Ra1 h6 36. h4 Rf7 37. Qe3 Qc2 38. R5a2 Rb2 39. Rxa7 Bd7 40. Qf4 Qxc3 41. Qe5+ Kh7 42. Ra8 Rg7 43. Rd1 Qb3 44. Rc1 Qd3 45. Ne3 Qe2 46. Rf1 Qh5 1/2-1/2

[Event "Fredericia"]
[Site "Fredericia"]
[Date "2018.05.12"]
[Round "6"]
[White "Bruedigam, Martin"]
[Black "Madsen, Michael Bohring"]
[Result "0-1"]
[WhiteElo "2404"]
[BlackElo "2123"]
[PlyCount "82"]
[EventDate "2018.05.09"]
[EventType "tourn"]
[EventRounds "9"]
[EventCountry "DEN"]
[EventCategory "3"]
[SourceTitle "CBM 184 Extra"]
[Source "ChessBase"]
[SourceDate "2018.06.28"]
[SourceVersion "1"]
[SourceVersionDate "2018.06.28"]
[SourceQuality "1"]

1. e4 e5 2. Nf3 Nc6 3. Bc4 Bc5 4. 0-0 d6 5. d3 Nf6 6. c3 a6 7. a4 h6 8. Re1 Ba7 9. Nbd2 g5 10. b4 g4 11. Nh4 Nxe4 12. Nxe4 Qxh4 13. d4 f5 14. Ng3 Kf8 15. dxe5 Nxe5 16. Rxe5 dxe5 17. Qd5 Qe7 18. Bxh6+ Ke8 19. Bg5 c6 20. Qd2 Qd7 21. Qe2 Qg7 22. Re1 Bb8 23. Bf4 Kf8 24. Qe3 Qf6 25. Bxe5 Qxe5 26. Qxe5 Bxe5 27. Rxe5 b5 28. Bd3 Bd7 29. Ne2 Re8 30. Rc5 Rh6 31. a5 Rd6 32. Nd4 Re1+ 33. Bf1 Rc1 34. f4 gxf3 35. gxf3 Rd5 36. Rxd5 cxd5 37. Ne2 Rc2 38. h4 Kg7 39. Kf2 d4 40. cxd4 Rb2 41. Ke3 Rxb4 0-1

[Event "Helsingor Xtracon op"]
[Site "Helsingor"]
[Date "2016.07.29"]
[Round "8"]
[White "McPhillips, Joseph"]
[Black "Madsen, Michael Bohring"]
[Result "1-0"]
[WhiteElo "2341"]
[BlackElo "2089"]
[PlyCount "71"]
[EventDate "2016.07.23"]
[EventType "swiss"]
[EventRounds "10"]
[EventCountry "DEN"]
[SourceTitle "CBM 173 Extra"]
[Source "ChessBase"]
[SourceDate "2016.08.29"]
[SourceVersion "1"]
[SourceVersionDate "2016.08.29"]
[SourceQuality "1"]

1. e4 e6 2. d4 d5 3. Nc3 Bb4 4. Qd3 dxe4 5. Qxe4 Nf6 6. Qh4 c5 7. dxc5 Bxc3+ 8. bxc3 Bd7 9. Nf3 Qa5 10. Qb4 Nc6 11. Qxa5 Nxa5 12. Ba3 Rc8 13. Bd3 Nc6 14. 0-0 0-0 15. Rfe1 Rfe8 16. Rab1 Rc7 17. Nd2 Nd5 18. Ne4 Rb8 19. Bc1 f5 20. Ng5 Re8 21. Bd2 h6 22. Nf3 Bc8 23. Bxf5 Nd8 24. Bd3 Rxc5 25. Bb5 Nc6 26. c4 Nc7 27. Bb4 Rf5 28. Bxc6 bxc6 29. Bd6 Na6 30. Ne5 Rd8 31. c5 Kh7 32. Nxc6 Re8 33. Ne5 Rd8 34. h3 Bd7 35. g4 Rf6 36. Be7 1-0

[Event "Helsingor Xtracon op"]
[Site "Helsingor"]
[Date "2016.07.24"]
[Round "2"]
[White "Leenhouts, Koen"]
[Black "Madsen, Michael Bohring"]
[Result "1-0"]
[WhiteElo "2491"]
[BlackElo "2089"]
[PlyCount "43"]
[EventDate "2016.07.23"]
[EventType "swiss"]
[EventRounds "10"]
[EventCountry "DEN"]
[SourceTitle "CBM 173 Extra"]
[Source "ChessBase"]
[SourceDate "2016.08.29"]
[SourceVersion "1"]
[SourceVersionDate "2016.08.29"]
[SourceQuality "1"]

1. d4 Nf6 2. c4 e6 3. g3 c5 4. d5 b5 5. dxe6 fxe6 6. Bg2 d5 7. cxd5 Bb7 8. e4 exd5 9. e5 Ne4 10. Nh3 Qa5+ 11. Nd2 Nxd2 12. Bxd2 Qc7 13. 0-0 d4 14. Bxb7 Qxb7 15. Qg4 a6 16. Qe6+ Qe7 17. Qc8+ Qd8 18. Qb7 Nd7 19. e6 Ne5 20. Bf4 Rb8 21. Qe4 Nc4 22. Qc6+ 1-0

[Event "Copenhagen Bronshoj op"]
[Site "Copenhagen"]
[Date "2013.02.10"]
[Round "5"]
[White "Moller, Arne Vagn"]
[Black "Madsen, Michael Bohring"]
[Result "0-1"]
[WhiteElo "1862"]
[BlackElo "2001"]
[PlyCount "74"]
[EventDate "2013.02.08"]
[EventType "swiss"]
[EventRounds "7"]
[EventCountry "DEN"]
[SourceTitle "CBM 152 Extra"]
[Source "ChessBase"]
[SourceDate "2013.02.25"]
[SourceVersion "1"]
[SourceVersionDate "2013.02.25"]
[SourceQuality "1"]

1. e4 c5 2. Nf3 d6 3. d4 cxd4 4. Nxd4 Nf6 5. Nc3 a6 6. Be2 e5 7. Nb3 Be7 8. 0-0 Qc7 9. Be3 Be6 10. Kh1 Bc4 11. f4 Nbd7 12. Bd3 exf4 13. Bxf4 Ne5 14. Bxe5 dxe5 15. Qf3 0-0 16. Bxc4 Qxc4 17. Rad1 Rad8 18. Rxd8 Bxd8 19. Rd1 Bc7 20. Qd3 Qc6 21. Nd5 Bd8 22. c4 g6 23. Nxf6+ Bxf6 24. Qe2 Rc8 25. Rf1 Kg7 26. Qf3 Qe6 27. c5 Be7 28. Qf2 Rc7 29. h4 h5 30. g3 Qc4 31. Qf3 Bxc5 32. Nxc5 Qxc5 33. Qf6+ Kh7 34. Qf3 Qe7 35. Qe2 Kg7 36. Rd1 Qe6 37. b3 Qh3+ 0-1

[Event "Fyn-ch"]
[Site "Odense"]
[Date "2008.03.13"]
[Round "7"]
[White "Madsen, Michael Bohring"]
[Black "Veise, Svend"]
[Result "1-0"]
[WhiteElo "1917"]
[BlackElo "1835"]
[PlyCount "53"]
[EventDate "2008.01.10"]
[EventType "swiss"]
[EventRounds "7"]
[EventCountry "DEN"]
[SourceTitle "EXT 2018"]
[Source "ChessBase"]
[SourceDate "2017.10.13"]
[SourceVersion "1"]
[SourceVersionDate "2017.10.13"]
[SourceQuality "1"]

1. e4 d5 2. exd5 Qxd5 3. Nc3 Qa5 4. Nf3 Bg4 5. Bc4 e6 6. h3 Bxf3 7. Qxf3 c6 8. d4 Nf6 9. Bd2 Qc7 10. 0-0-0 Be7 11. g4 h6 12. h4 Nd5 13. g5 hxg5 14. hxg5 Rxh1 15. Rxh1 Nxc3 16. Qxc3 g6 17. Rh8+ Bf8 18. Qf3 Nd7 19. Bf4 Qa5 20. c3 0-0-0 21. Bd2 Qf5 22. Qxf5 gxf5 23. Rh7 Nb6 24. Bb3 Be7 25. g6 Nd5 26. Bxd5 cxd5 27. g7 1-0

[Event "North Sea Cup 22nd"]
[Site "Esbjerg"]
[Date "2007.07.20"]
[Round "10"]
[White "Nielsen, Poul Steen"]
[Black "Madsen, Michael Bohring"]
[Result "1-0"]
[WhiteElo "2025"]
[BlackElo "2006"]
[PlyCount "69"]
[EventDate "2007.07.13"]
[EventType "swiss"]
[EventRounds "10"]
[EventCountry "DEN"]
[SourceTitle "CBM 119 Extra"]
[Source "ChessBase"]
[SourceDate "2007.09.04"]
[SourceVersion "1"]
[SourceVersionDate "2007.09.04"]
[SourceQuality "1"]

1. c4 e5 2. g3 Bc5 3. Bg2 Nf6 4. d3 0-0 5. Nf3 Nc6 6. 0-0 d6 7. Nc3 Bg4 8. Bg5 h6 9. Bxf6 Qxf6 10. Ne4 Qe6 11. Nxc5 dxc5 12. Nd2 Nd4 13. Re1 c6 14. Ne4 b6 15. Nc3 Bh3 16. Bh1 Nf5 17. a3 Ne7 18. b4 cxb4 19. axb4 f5 20. b5 e4 21. bxc6 Qxc6 22. Qb3 Qc5 23. dxe4 f4 24. Nd5 Ng6 25. e3 f3 26. Nf4 Nxf4 27. exf4 g5 28. Qxf3 Kh7 29. f5 Rfd8 30. Qh5 g4 31. Qg6+ Kh8 32. Qxh6+ Kg8 33. e5 Rac8 34. Rxa7 Qxe5 35. Qg6+ 1-0

[Event "North Sea Cup 22nd"]
[Site "Esbjerg"]
[Date "2007.07.18"]
[Round "8"]
[White "Poulsen, Iver"]
[Black "Madsen, Michael Bohring"]
[Result "1/2-1/2"]
[WhiteElo "2156"]
[BlackElo "2006"]
[PlyCount "60"]
[EventDate "2007.07.13"]
[EventType "swiss"]
[EventRounds "10"]
[EventCountry "DEN"]
[SourceTitle "CBM 119 Extra"]
[Source "ChessBase"]
[SourceDate "2007.09.04"]
[SourceVersion "1"]
[SourceVersionDate "2007.09.04"]
[SourceQuality "1"]

1. e4 c5 2. Nf3 d6 3. d4 cxd4 4. Nxd4 Nf6 5. Nc3 a6 6. f3 e5 7. Nb3 Be7 8. Be3 0-0 9. Qd2 Be6 10. 0-0-0 Qc7 11. g4 b5 12. g5 b4 13. Na4 Nfd7 14. Qxb4 Nc6 15. Qd2 Rfb8 16. Nc3 a5 17. Nb5 Qb7 18. Kb1 a4 19. Nc1 Ra5 20. c4 Nb6 21. b3 axb3 22. axb3 Rba8 23. Qc3 Qa6 24. Nc7 Ra1+ 25. Kc2 Qa3 26. Bxb6 Bxg5 27. Qb2 Nb4+ 28. Kc3 Qxb2+ 29. Kxb2 Bxc1+ 30. Kc3 Na2+ 1/2-1/2

[Event "North Sea Cup 22nd"]
[Site "Esbjerg"]
[Date "2007.07.15"]
[Round "5"]
[White "Madsen, Michael Bohring"]
[Black "Nielsen, Jesper"]
[Result "1/2-1/2"]
[WhiteElo "2006"]
[BlackElo "2133"]
[PlyCount "86"]
[EventDate "2007.07.13"]
[EventType "swiss"]
[EventRounds "10"]
[EventCountry "DEN"]
[SourceTitle "CBM 119 Extra"]
[Source "ChessBase"]
[SourceDate "2007.09.04"]
[SourceVersion "1"]
[SourceVersionDate "2007.09.04"]
[SourceQuality "1"]

1. e4 c6 2. d4 d5 3. e5 Bf5 4. Nf3 e6 5. Be2 Nd7 6. 0-0 Be7 7. Ne1 h6 8. Nd2 g5 9. Bh5 Bg6 10. f4 Qb6 11. c3 0-0-0 12. Bxg6 fxg6 13. Qg4 c5 14. Nb3 h5 15. Qd1 c4 16. Nd2 gxf4 17. Rxf4 Nxe5 18. Qe2 Ng4 19. h3 N4h6 20. Rf1 Nf5 21. Rf3 g5 22. g4 hxg4 23. hxg4 Nh4 24. Re3 Qd6 25. Nf1 Rh6 26. b3 Rf8 27. bxc4 Rhf6 28. Ng3 Rf2 29. Qd3 R8f3 30. Rxf3 Rxf3 31. Nxf3 Qxg3+ 32. Kf1 Nxf3 33. Qe3 Qxg4 34. cxd5 exd5 35. Kf2 Nh4 36. Qg3 Qf5+ 37. Ke2 Nh6 38. Bd2 Qe4+ 39. Qe3 Qg4+ 40. Kd3 Qf5+ 41. Ke2 Ng6 42. Rf1 Nf4+ 43. Rxf4 gxf4 1/2-1/2